Witch adventures : heartbreak island

Bibliographic Details
Main Author: Kaaberbol, Lene
Other Authors: Lenhard, Elizabeth
Format: Book
Published: New York : Hyperion , 2005
Series:Witch
Subjects:

MARC

LEADER 00000cam a2200000 7i4500
001 0000002967
005 20151222.0
008 070717
020 |a 0786809817 
090 0 0 |a JF   |b ENG 
100 1 |a Kaaberbol, Lene 
245 1 0 |a Witch adventures :   |b heartbreak island   |c Lene Kaaberbol 
260 |a New York :   |b Hyperion ,   |c 2005 
440 |a Witch 
500 |a Children ages 10-12 years old (pink) 
650 0 |a Adventure 
650 0 |a Junior fiction   |x English   |x Languages 
700 1 |a Lenhard, Elizabeth 
999 |a 0000960076   |b Book   |c Children Collection   |e Perbadanan Perpustakaan Awam Johor 
999 |a 0000960077   |b Book   |c Children Collection   |e Perbadanan Perpustakaan Awam Johor